000 00679nam a22002173a 4500
001 66671
003 BD-RjUL
005 20211209081551.0
008 971014s1967 enka 001 0 eng d
035 _a(BD-RjUL)66802
040 _aEQO
_cEQO
_beng
_dBD-RjUL
041 _aeng
082 _223
_bGOP 1967
_a618.4
100 1 _aGoodrich, Frederick W. Jr.
_9197380
245 1 0 _aPreparing for childbirth :
_bA manual for expectant parents /
_cFrederick W. Goodrich, Jr.
260 _aLondon :
_c[c1966]1967,
_bGeorge Allen & Unwin ltd.
300 _aix,246 p. :
_bill. ;
_c22cm.
500 _aIncludes Indexes
650 _aChildbirth--Study and teaching
_9197381
942 _2ddc
_cBK
999 _c66671
_d66671